ნორმალური ფორმატი
MARC ფორმატი
ჩანაწერი Corporate Name
ჩანაწერთა რაოდენობა, რომელიც გამოყენებულია: 1
001 - CONTROL NUMBER
- control field: 4381
003 - CONTROL NUMBER IDENTIFIER
- control field: GE_BSU
005 - DATE AND TIME OF LATEST TRANSACTION
- control field: 20190930105354.0
008 - FIXED-LENGTH DATA ELEMENTS
- fixed length control field: 190930|| aca||aabn | a|a d
040 ## - CATALOGING SOURCE
- Original cataloging agency: GE_BSU
- Transcribing agency: GE_BSU
110 ## - HEADING--CORPORATE NAME
- Corporate name or jurisdiction name as entry element: საქ. სსრ უმაღლ. განათლ. სამეცნ.-მეთოდ. კაბინეტი.
670 ## - SOURCE DATA FOUND
- Source citation: Work cat.: (GE_BSU)38070: გაგულაშვილი, ილია 4379, საქართველოში ინტერნაციონალური აღზრდის ზოგიერთი საკითხის სწავლებისათვის :
